Dạy học theo chuẩn kiến thức, kĩ năng môn Hoá Học 12

Định hướng dạy học theo tiêu chuẩn kiến thức, kĩ năng. Thiết kế bài học theo chuẩn kiến thức, kĩ năng.

Enregistré dans:
Détails bibliographiques
Auteur principal: Nguyễn Thị Sửu
Autres auteurs: Nguyễn Thị Thiên Nga, Nguyễn Thị Minh Châu, Đào Thị Việt Anh
Format: Livre
Langue:Vietnamese
Publié: H. Đại học Sư phạm 2010
Sujets:
Tags: Ajouter un tag
Pas de tags, Soyez le premier à ajouter un tag!
Thư viện lưu trữ: Mạng thư viện Đại học Đà Nẵng
LEADER 01599nam a2200409 4500
001 000025177
003 21669
005 20170524140511.0
008 170523s2010 viesd
020 |c 42000 
041 0 |a vie 
082 1 4 |a 540.071  |b NG-S 
100 1 |a Nguyễn Thị Sửu 
245 1 0 |a Dạy học theo chuẩn kiến thức, kĩ năng môn Hoá Học 12  |c Nguyễn Thị Sửu chủ biên; Đào Thị Việt Anh, Nguyễn Thị Minh Châu... 
246 |a Dạy học theo chuẩn kiến thức, kỹ năng môn hoá học 12 
260 |a H.  |b Đại học Sư phạm  |c 2010 
300 |a 207 tr.  |b bảng, sơ đồ  |c 24 cm. 
520 3 |a Định hướng dạy học theo tiêu chuẩn kiến thức, kĩ năng. Thiết kế bài học theo chuẩn kiến thức, kĩ năng. 
650 0 4 |a Hóa học  |x Dạy và học 
650 0 4 |a Giáo dục trung học  |x Hóa học 
653 |a Hóa học 
653 |a Lớp 10 
653 |a Phương pháp giảng dạy 
653 |a Sách giáo viên 
700 1 |a Nguyễn Thị Thiên Nga 
700 1 |a Nguyễn Thị Minh Châu 
700 1 |a Đào Thị Việt Anh 
OWN |a LSP 
AVA |a UDN50  |b LSP  |d 540.071 NG-S  |e check_holdings  |t Error 5003 Not defined in file expand_doc_bib_avail.  |h N  |k 1 
999 |a From the UDN01 
AVA |a UDN50  |b LSP  |d 540.071 NG-S  |e available  |t Error 5001 Not defined in file expand_doc_bib_avail.  |f 20  |g 0  |h N  |i 4  |k 1 
TYP |a Monograph 
TYP |a Printed language 
980 |a Mạng thư viện Đại học Đà Nẵng